000 00413nam a22001457a 4500
003 IN-BaIIA
005 20211214150849.0
008 211214b ||||| |||| 00| 0 eng d
040 _cIIA Library
245 _aJournal of the British Astronomical Association
_h[Print Journal]
260 _aUK
_bBritish Astronomical Association
310 _a6/ Year
521 _aSubscribed through IIA Library
942 _cBV
_s1
999 _c35910
_d35910